History Quiz

Random History Quiz

History in a Nutshell Quiz Stats

 Plays Quiz not verified by Sporcle

Challenge
Share
Tweet
Embed
Score 0/15 Timer 05:00
0 Plays Today
Hint Answer % Correct
Another name for modren day iranPersia
71%
A famous site of the french Revolution, resembles a castle/medieval structureThe Bastille
67.7%
city where first democracy was known to have beenAthens
64.5%
Famous ancient structure in Greece, located near a noteable citythe parthenon
61.3%
Roman emperor known for cruelty toward ChristiansNero
61.3%
Wrote a famous book called 'The Prince' / made to live in exile from the city of Florenceniccolo machiavelli
51.6%
russian czar who was killed by communists, alongside his familyNicholas
51.6%
famous american founding father who could not 'Live without books'Thomas Jefferson
22.6%
Hint Answer % Correct
The famous hebrew king who was alleged to sire a child with an ancient ethiopian queenKing Solomon
19.4%
called the largest empire in human historymongolian
16.1%
Arguably the most famous of the French monarchs, alleged to have had many female companionsKing Louis 14th
9.7%
An english king who was known to have an appetite for food and wivesKing henry 8th
9.7%
name of an ancient Indian dynastyGupta
6.5%
The capital city of the orginal 'russia'/ the old RusNovgorod
0%
the 'bastard' son of a pope, who aided his father as Papal commander and almost became the king of all ItalyCeasare borgia
0%

You're not logged in!

Compare scores with friends on all Sporcle quizzes.
OR
Log In

You Might Also Like...

Show Comments

Extras

Created Nov 24, 2010ReportNominate

Top Quizzes Today


Score Distribution

Your Account Isn't Verified!

In order to create a playlist on Sporcle, you need to verify the email address you used during registration. Go to your Sporcle Settings to finish the process.

Report this User

Report this user for behavior that violates our Community Guidelines.

Details: